-
FURSULE, DR. R.A. KULKARNI , Dr. J.S AGARKAR ,Dr .P.H
Entry Personal Name
Number of records used in: 1
001 - CONTROL NUMBER
003 - CONTROL NUMBER IDENTIFIER
005 - DATE AND TIME OF LATEST TRANSACTION
- control field:
20240109105755.0
008 - FIXED-LENGTH DATA ELEMENTS
- fixed length control field:
240109|| aca||aabn | a|a d
040 ## - CATALOGING SOURCE
- Original cataloging agency:
JRU
- Transcribing agency:
JRU
100 ## - HEADING--PERSONAL NAME
- Personal name:
FURSULE, DR. R.A. KULKARNI , Dr. J.S AGARKAR ,Dr .P.H
670 ## - SOURCE DATA FOUND
- Source citation:
Work cat.: (JRU)5894: FURSULE, DR. R.A. KULKARNI , Dr. J.S AGARKAR ,Dr .P.H, BIOCHEMISTRY BASIC AND APPLIED